Массоперенос метана в атмосфере при выбросе из зоны повышенного давления; Проблемы геологии и освоения недр; Т. 2
| Parent link: | Проблемы геологии и освоения недр: труды XXIII Международного симпозиума имени академика М. А. Усова студентов и молодых ученых, посвященного 120-летию со дня рождения академика К. И. Сатпаева, 120-летию со дня рождения профессора К. В. Радугина, Томск, 8-12 апреля 2019 г./ Национальный исследовательский Томский политехнический университет, Инженерная школа природных ресурсов ; гл. ред. А. С. Боев ; под ред. Е. Ю. Пасечник.— , 2019 Т. 2.— 2019.— [С. 582-583] |
|---|---|
| Autor principal: | |
| Autor Corporativo: | |
| Otros Autores: | , |
| Sumario: | Заглавие с экрана |
| Lenguaje: | ruso |
| Publicado: |
2019
|
| Colección: | Современные техника и технологии транспортировки и хранения нефти и газа. Направление "Современные машины и оборудование транспортировки нефти и газа" Методы математического моделирования процессов транспорта и хранения углеводородного сырья |
| Materias: | |
| Acceso en línea: | http://earchive.tpu.ru/handle/11683/56357 |
| Formato: | Electrónico Capítulo de libro |
| KOHA link: | https://koha.lib.tpu.ru/cgi-bin/koha/opac-detail.pl?biblionumber=630159 |
MARC
| LEADER | 00000naa2a2200000 4500 | ||
|---|---|---|---|
| 001 | 630159 | ||
| 005 | 20231101133610.0 | ||
| 035 | |a (RuTPU)RU\TPU\conf\31061 | ||
| 035 | |a RU\TPU\conf\31060 | ||
| 090 | |a 630159 | ||
| 100 | |a 20191016d2019 k y0rusy50 ca | ||
| 101 | 0 | |a rus | |
| 102 | |a RU | ||
| 105 | |a y z 100zy | ||
| 135 | |a drcn ---uucaa | ||
| 181 | 0 | |a i | |
| 182 | 0 | |a b | |
| 200 | 1 | |a Массоперенос метана в атмосфере при выбросе из зоны повышенного давления |f А. С. Зварыгин, Д. Н. Гончиков |g науч. рук. С. Н. Харламов | |
| 203 | |a Текст |c электронный | ||
| 225 | 1 | |a Современные техника и технологии транспортировки и хранения нефти и газа. Направление "Современные машины и оборудование транспортировки нефти и газа" | |
| 225 | 1 | |a Методы математического моделирования процессов транспорта и хранения углеводородного сырья | |
| 230 | |a 1 компьютерный файл (pdf; 338 Kb) | ||
| 300 | |a Заглавие с экрана | ||
| 320 | |a [Библиогр.: с. 583 (6 назв.)] | ||
| 461 | 1 | |0 (RuTPU)RU\TPU\conf\30471 |t Проблемы геологии и освоения недр |o труды XXIII Международного симпозиума имени академика М. А. Усова студентов и молодых ученых, посвященного 120-летию со дня рождения академика К. И. Сатпаева, 120-летию со дня рождения профессора К. В. Радугина, Томск, 8-12 апреля 2019 г. |o в 2 т. |f Национальный исследовательский Томский политехнический университет, Инженерная школа природных ресурсов ; гл. ред. А. С. Боев ; под ред. Е. Ю. Пасечник |d 2019 | |
| 463 | 1 | |0 (RuTPU)RU\TPU\conf\30475 |t Т. 2 |v [С. 582-583] |d 2019 | |
| 610 | 1 | |a труды учёных ТПУ | |
| 610 | 1 | |a электронный ресурс | |
| 610 | 1 | |a массоперенос | |
| 610 | 1 | |a метан | |
| 610 | 1 | |a атмосфера | |
| 610 | 1 | |a выбросы | |
| 610 | 1 | |a повышенное давление | |
| 610 | 1 | |a газо-воздушные смеси | |
| 610 | 1 | |a метановоздушные смеси | |
| 610 | 1 | |a нефтегазовая отрасль | |
| 610 | 1 | |a безопасность | |
| 700 | 1 | |a Зварыгин |b А. С. | |
| 701 | 1 | |a Гончиков |b Д. Н. | |
| 702 | 1 | |a Харламов |b С. Н. |c специалист в области транспорта и хранения нефти |c профессор Томского политехнического университета |f 1957- |g Сергей Николаевич |2 stltpush |4 727 | |
| 712 | 0 | 2 | |a Национальный исследовательский Томский политехнический университет |b Инженерная школа природных ресурсов |b Отделение нефтегазового дела |h 8084 |2 stltpush |3 (RuTPU)RU\TPU\col\23546 |
| 801 | 2 | |a RU |b 63413507 |c 20191024 |g RCR | |
| 856 | 4 | |u http://earchive.tpu.ru/handle/11683/56357 | |
| 942 | |c BK | ||